000 00686nam a2200205Ii 4500
003 JO-AjNU
008 230605s9999||||xx |||||||||||||| ||und||
040 _aJO-AjNU
_bara
_erda
_cJO-AjNU
041 _aara
050 1 4 _aD16.8.I5 1975
100 3 _aخليل، عماد الدين,
_eauthor
_957103
245 0 0 _aالتفسير الإسلامي للتاريخ
250 _aط1
264 3 1 _aبيروت: دار العلم للملايين، 1975
300 _a327ص
336 _atext
_btxt
_2rdacontent
337 _aunmediated
_bn
_2rdamedia
338 _avolume
_bnc
_2rdacarrier
650 4 _aالتاريخ الاسلامي- الحضارة الاسلامية- فلسفة
_957104
999 _aA25569
_c29137
_d29137